Trouvez l'acteur ou l'actrice...4 - Statistiques

Statistiques générales
  • Ce quiz a été pris 96 fois
  • Le résultat moyen est 6 sur 15
Statistiques - réponses
Films / Séries Acteurs / Actrices % Correct
Nuit d'ivresse - Le dîner de cons - Un indien dans la ville Thierry Lhermitte
82%
Cliffhanger - Judge Dredd - Rambo Sylvester Stallone
72%
La septième compagnie au clair de lune - Papy fait de la résistance - Les choristes Gérard Jugnot
57%
Les tontons flingueurs - L'armée des ombres - Garde à vue Lino Ventura
53%
60 secondes chrono - Lord of war - La cité des anges Nicolas Cage
47%
Le discours d'un roi - Love actually - Bridget Jones: l'âge de raison Colin Firth
38%
La petite maison dans la prairie - Beverly Hills 90210 - Charmed Shannen Doherty
32%
Friends - Jumeaux - Vol au-dessus d'un nid de coucou Danny de Vito
31%
Inglorious basterds - De battre mon coeur s'est arrêté - Un pont entre deux rives Mélanie Laurent
31%
Cartouche - Le guépard - Il était une fois dans l'ouest Claudia Cardinale
25%
Quatre mariages et un enterrement - L'homme qui murmurait à l'oreille des chevaux - Ne le dis à personne Kristin Scott-Thomas
24%
Ocean's eleven - Le parrain 3 - Passengers Andy Garcia
23%
Un homme et une femme - Prêt-à-porter - Hommes, femmes, mode d'emploi Anouk Aimée
23%
Orgueil et préjugés - Anna Karénine - Le roi Arthur Keira Knightley
21%
Pandora - La comtesse aux pieds nus - La croisée des destins Ava Gardner
15%
Aucun quiz correspondant
Distribution des résultats
% des personnes avec chaque résultat
Percentile par nombre de réponses
Votre historique - résultats
Vous n’avez pas pris ce quiz